00727nam a2200169Ia 4500001001100000003000500011008004100016010001100057040000900068100003100077245020000108260003400308300002200342502010500364700003800469710005000507Para_10048CHAP220125sNovi xx 000 0 und d a208734 cCHAP aCárdenas Soriano, Arturo aResistencia de alpistillo (Phalaris minor Retz.) proveniente del estado de Sonora a los herbicidas clodinafop-propargyl Y pinoxaden /c Arturo Cárdenas Soriano; Director J. Antonio Tafoya Razo aChapingo, Méx. :b el autor a1 CDS ROM (44 p.) aTesis (Ing. Agr. Esp. en Parasitología Agrícola). UACh. Departamento Parasitología Agrícola aTafoya Razo, J. Antonio. Director aUACh. Departamento Parasitología Agrícola